000 00648nam a2200229Ia 4500
003 OSt
005 20220923213945.0
006 a|||||r|||| 00| 0
007 ta
008 220922b |||||||| |||| 00| 0 hin d
024 _a165,900
037 _cTextual
040 _aARTS
_cARTS
_bhin
041 _2hin
_ahin
082 _aO152:1N01:9, H9;J2(TTPH)
100 _aनगेन्द्र
_9156277
245 0 _aसुमित्रानंदन पंत
246 _aSumitrānandan panta
260 _c1949
942 _hO152:1N01:9, H9;J2(TTPH)
_cTEXL
_2CC
999 _c320379
_d320379